| 000 | 00346nam a22001451a 4500 | ||
|---|---|---|---|
| 999 |
_c49503 _d49503 |
||
| 082 |
_aS 294.592 1 _bRAM/V |
||
| 100 | _aRamanath Vedalankar | ||
| 245 |
_aVedic nari/ _cby Ramanath Vedalankar |
||
| 260 |
_aNew Delhi: _bSamskar, _c2000. |
||
| 300 | _a211p. | ||
| 650 | _aVedic Literature | ||
| 650 | _aHinduism | ||
| 650 | _aReligion | ||
| 942 | _cBK | ||